<?xml version="1.0" encoding="UTF-8"?>
<record
    xmlns:xsi="http://www.w3.org/2001/XMLSchema-instance"
    xsi:schemaLocation="http://www.loc.gov/MARC21/slim http://www.loc.gov/standards/marcxml/schema/MARC21slim.xsd"
    xmlns="http://www.loc.gov/MARC21/slim">

  <leader>00765cam a22002411  4500</leader>
  <controlfield tag="001">he 66000714 </controlfield>
  <controlfield tag="003">DLC</controlfield>
  <controlfield tag="005">20260227111438.0</controlfield>
  <controlfield tag="008">840508s1965    is            000 0 heb  </controlfield>
  <datafield tag="010" ind1=" " ind2=" ">
    <subfield code="a">he 66000714 </subfield>
  </datafield>
  <datafield tag="035" ind1=" " ind2=" ">
    <subfield code="a">(OCoLC)19146001</subfield>
  </datafield>
  <datafield tag="040" ind1=" " ind2=" ">
    <subfield code="a">DLC</subfield>
    <subfield code="c">MH</subfield>
    <subfield code="d">DLC</subfield>
  </datafield>
  <datafield tag="042" ind1=" " ind2=" ">
    <subfield code="a">premarc</subfield>
  </datafield>
  <datafield tag="050" ind1="0" ind2="0">
    <subfield code="a">PJ4835.R8</subfield>
    <subfield code="b">L4</subfield>
  </datafield>
  <datafield tag="100" ind1="1" ind2=" ">
    <subfield code="a">Levanon, M.</subfield>
  </datafield>
  <datafield tag="245" ind1="1" ind2="0">
    <subfield code="a">Leksikon &#x2BB;Ivri-Romani :</subfield>
    <subfield code="b">le-nivim, tserufe lashon, pitgamim, imrot u-muna&#x1E25;im shimushiyim /</subfield>
    <subfield code="c">[me-et] M. Levanon [&#x1E7F;e]-Y. Li&#x2BC;el.</subfield>
  </datafield>
  <datafield tag="260" ind1=" " ind2=" ">
    <subfield code="a">[Tel Aviv] :</subfield>
    <subfield code="b">[M. Levanon],</subfield>
    <subfield code="c">[1965]</subfield>
  </datafield>
  <datafield tag="300" ind1=" " ind2=" ">
    <subfield code="a">366 p. ;</subfield>
    <subfield code="c">17 cm.</subfield>
  </datafield>
  <datafield tag="500" ind1=" " ind2=" ">
    <subfield code="a">Added t.p.: Lexicon ebraic-rom&#xEE;n.</subfield>
  </datafield>
  <datafield tag="650" ind1=" " ind2="0">
    <subfield code="a">Hebrew language</subfield>
    <subfield code="x">Dictionaries</subfield>
    <subfield code="x">Romanian.</subfield>
  </datafield>
  <datafield tag="700" ind1="1" ind2=" ">
    <subfield code="a">Liel, I.,</subfield>
    <subfield code="e">joint author.</subfield>
  </datafield>
  <datafield tag="752" ind1=" " ind2=" ">
    <subfield code="a">Israel</subfield>
    <subfield code="d">Tel Aviv</subfield>
  </datafield>
  <datafield tag="999" ind1=" " ind2=" ">
    <subfield code="c">31674</subfield>
    <subfield code="d">31674</subfield>
  </datafield>
</record>
